100 największych miast radzieckich w 1989 roku z mapą - Statystyki

Ogólne statystyki
  • Ten quiz został rozwiązany 3 150 razy
    1 954 od ostatniego zresetowania
  • Średni wynik to 38 z 100
Odpowiedzi na mapie
Odpowiedzi zakodowano w zielono-czerwonej skali na mapie do tego quizu, zgodnie z poniższymi procentami.
 
Statystyki odpowiedzi
Republika Populacja Miasto % Poprawnych
Rosja 8 967 232 Moskwa
99%
Rosja 5 023 506 Leningrad
96%
Ukraina 2 587 945 Kijów
95%
Ukraina 790 908 Lwów
91%
Białoruś 1 612 472 Mińsk
91%
Łotwa 910 445 Ryga
88%
Litwa 576 747 Wilno
88%
Estonia 478 974 Tallinn
86%
Ukraina 1 609 959 Charków
80%
Azerbejdżan 1 150 055 Baku
79%
Rosja 401 280 Kaliningrad
78%
Ukraina 1 115 371 Odessa
78%
Ukraina 1 109 102 Donieck
74%
Gruzja 1 243 150 Tbilisi
72%
Litwa 418 087 Kowno
71%
Rosja 633 838 Władywostok
71%
Armenia 1 201 539 Erywań
70%
Rosja 450 941 Kalinin
70%
Mołdawia 667 082 Kiszyniów
69%
Ukraina 356 123 Sewastopol
62%
Rosja 480 020 Murmańsk
61%
Rosja 1 094 378 Kazań
59%
Rosja 998 894 Wołgograd
59%
Uzbekistan 2 072 459 Taszkent
56%
Rosja 1 019 305 Rostów nad Donem
55%
Ukraina 1 177 897 Dniepr
54%
Kazachstan 1 127 884 Ałmaty
53%
Rosja 341 483 Smoleńsk
53%
Ukraina 496 813 Ługańsk
51%
Rosja 336 514 Soczi
51%
Kirgistan 610 630 Frunze
48%
Rosja 626 135 Irkuck
47%
Rosja 1 436 516 Nowosybirsk
47%
Rosja 1 148 418 Omsk
46%
Ukraina 518 933 Żdanow
45%
Rosja 1 438 133 Gorki
44%
Rosja 415 921 Archangielsk
43%
Tadżykistan 595 820 Duszanbe
43%
Rosja 620 516 Krasnodar
43%
Rosja 1 364 621 Swierdłowsk
43%
Rosja 1 082 052 Ufa
43%
Ukraina 883 909 Zaporoże
43%
Rosja 399 688 Grozny
42%
Białoruś 511 706 Homel
39%
Rosja 1 254 460 Kujbyszew
39%
Turkmenistan 401 135 Aszchabad
36%
Rosja 1 090 944 Perm
36%
Białoruś 357 446 Witebsk
36%
Rosja 424 239 Kursk
33%
Ukraina 355 379 Chersoń
32%
Rosja 1 141 777 Czelabińsk
32%
Ukraina 502 776 Mikołajów
32%
Ukraina 713 059 Krzywy Róg
31%
Rosja 886 844 Woroneż
30%
Rosja 509 210 Astrachań
29%
Rosja 912 629 Krasnojarsk
28%
Rosja 632 991 Jarosław
27%
Ukraina 374 304 Winnica
27%
Rosja 317 475 Machaczkała
26%
Rosja 501 963 Tomsk
26%
Białoruś 359 188 Mohylew
25%
Ukraina 343 565 Symferopol
25%
Rosja 539 980 Tuła
25%
Rosja 904 643 Saratów
23%
Rosja 452 160 Briańsk
21%
Rosja 514 638 Riazan
21%
Rosja 600 623 Chabarowsk
19%
Ukraina 314 740 Połtawa
19%
Uzbekistan 367 031 Samarkanda
18%
Rosja 349 702 Włodzimierz
17%
Rosja 546 501 Orenburg
16%
Rosja 336 862 Orzeł
16%
Rosja 630 543 Togliatti | Toljatti
16%
Rosja 352 530 Ułan-Ude
16%
Rosja 365 754 Czyta
15%
Kazachstan 613 797 Karaganda
14%
Rosja 476 869 Tiumeń
14%
Rosja 449 635 Lipieck
13%
Rosja 318 298 Stawropol
13%
Rosja 625 155 Uljanowsk
13%
Rosja 440 240 Kirow
11%
Rosja 440 321 Magnitogorsk
11%
Rosja 542 612 Penza
11%
Rosja 481 042 Iwanowo
10%
Rosja 635 109 Iżewsk
10%
Kazachstan 330 748 Pawłodar
10%
Kazchstan 392 977 Szymkent
10%
Rosja 520 263 Kemerowo
9%
Rosja 315 325 Komsomolsk nad Amurem
9%
Rosja 439 521 Niżny Tagił
9%
Rosja 601 811 Barnauł
8%
Ukraina 338 106 Gorłówka
8%
Rosja 599 947 Nowokuźnieck
8%
Rosja 312 128 Sarańsk
8%
Kazachstan 334 402 Semipałatyńsk
8%
Rosja 355 517 Kurgan
7%
Kazachstan 324 478 Ust-Kamienogorsk
7%
Rosja 419 592 Czeboksary
6%
Ukraina 430 201 Makiejewka
6%
Rosja 500 309 Nabierieżnyje Czełny
5%
Nie znaleziono quizów pasujących do podanych kryteriów
Rozkład punktacji
Procent ludzi z każdym wynikiem
Percentyl według liczby udzielonych odpowiedzi
Twoja historia wyników
Nie rozwiązałeś tego quizu od ostatniego zresetowania